Văn học hiện đại 2, số 24 ( Dành cho Hs PTTH)

Spremljeno u:
Bibliografski detalji
Format: Knjiga
Oznake: Dodaj oznaku
Bez oznaka, Budi prvi tko označuje ovaj zapis!
Thư viện lưu trữ: Mạng thư viện Đại học Đà Nẵng
LEADER 00429nam a22001691a 4500
001 000040422
003 16717
005 20160412022925.0
008 160412s0 000
082 |a 4N(TK)2236 
245 |a Văn học hiện đại 2, số 24 ( Dành cho Hs PTTH) 
OWN |a LNN 
999 |a From the UDN01 
TYP |a Monograph 
980 |a Mạng thư viện Đại học Đà Nẵng